Cedulario americano del siglo XVIII (Record no. 189579)
[ view plain ]
| 000 -LEADER | |
|---|---|
| campo de control de longitud fija | 00982nam a2200217 i 4500 |
| 001 - NÚMERO DE CONTROL | |
| campo de control | 189579 |
| 003 - IDENTIFICADOR DE NÚMERO DE CONTROL | |
| campo de control | SpMaBN |
| 005 - FECHA Y HORA DE LA ÚLTIMA TRANSACCIÓN | |
| campo de control | 20250808085336.0 |
| 008 - DATOS DE LONGITUD FIJA--INFORMACIÓN GENERAL | |
| campo de control de longitud fija | 190621s1969 sp f l |||| | spa d |
| 080 ## - NÚMERO DE LA CLASIFICACIÓN DECIMAL UNIVERSAL | |
| Número de la Clasificación Decimal Universal | 34/35(8=134.2)"17"(094.5) |
| 245 00 - MENCIÓN DEL TÍTULO | |
| Título | Cedulario americano del siglo XVIII |
| Resto del título | : colección de disposiciones legales indianas desde 1680 a 1800, contenidas en los Cedularios del Archivo General de Indias. |
| Número de parte o sección de la obra | II / |
| Mención de responsabilidad, etc. | edición, estudio y comentarios por Antonio Muro Orejón. |
| 250 ## - MENCION DE EDICION | |
| Mención de edición | 1ª ed. |
| 260 ## - PUBLICACIÓN, DISTRIBUCIÓN, ETC. | |
| Lugar de publicación, distribución, etc. | Sevilla : |
| Nombre del editor, distribuidor, etc. | Escuela de Estudios Hispano-Americanos de Sevilla, |
| Fecha de publicación, distribución, etc. | 1969. |
| 300 ## - DESCRIPCIÓN FÍSICA | |
| Extensión | 1 v. ; |
| Dimensiones | 25 cm. |
| 505 8# - NOTA DE CONTENIDO CON FORMATO | |
| Nota de contenido con formato | Contiene: v. 2 ; |
| Título | Cédulas de Felipe V (1700-1724) ([1] h. de lám., LXXVIII, 786 p.) |
| 650 04 - PUNTO DE ACCESO ADICIONAL DE MATERIA--TÉRMINO DE MATERIA | |
| Término de materia o nombre geográfico como elemento de entrada | Derecho colonial- |
| Subdivisión geográfica | América española |
| 9 (RLIN) | 11671 |
| 700 1# - ENTRADA AGREGADA--NOMBRE PERSONAL | |
| Nombre de persona | Muro Orejón, Antonio. |
| 9 (RLIN) | 84616 |
| 710 2# - ENTRADA AGREGADA--NOMBRE DE ENTIDAD CORPORATIVA | |
| Nombre de entidad corporativa o nombre de jurisdicción como elemento de entrada | Escuela de Estudios Hispano-Americanos (Sevilla) |
| 9 (RLIN) | 134366 |
| 852 ## - LOCALIZACIÓN | |
| Ubicación | ES-MaACL |
| Número de control de estantería | L-32453 |
| Nota libre | - Enc. cart. |
| Estatus retirado | Estado de pérdida | Estado de daño | No para préstamo | Biblioteca de origen | Biblioteca actual | Ubicación en estantería | Fecha de adquisición | Fuente de adquisición | Total de préstamos | Signatura topográfica completa | Código de barras | Visto por última vez | Precio de reemplazo | Tipo de ítem Koha |
|---|---|---|---|---|---|---|---|---|---|---|---|---|---|---|
| Biblioteca del Ateneo de Madrid | Biblioteca del Ateneo de Madrid | Depósito 2 | 21/06/2019 | L-32453 | 1200896 | 23/02/2023 | 23/02/2023 | Libro impreso |
